Komparácia webových stránok vybraných obchodných spoločností diplomová práca

Enregistré dans:
Détails bibliographiques
Auteur principal: Kováčová, Veronika
Collectivité auteur: Obchodná fakulta EU. Katedra informatiky obchodných firiem
Autres auteurs: Potisková, Ingrid
Format: Livre
Langue:slovaque
Publié: Bratislava 2017
Tags: Ajouter un tag
Pas de tags, Soyez le premier à ajouter un tag!

MARC

LEADER 00000nbm a2200000 4500
001 0230692
005 20171003101550.4
041 0 |a slo 
044 |a SK 
245 1 0 |a Komparácia webových stránok vybraných obchodných spoločností  |b diplomová práca  |c Veronika Kováčová ; školiteľ: Ingrid Potisková 
264 1 |a Bratislava  |c 2017 
300 |a 76 s. 
100 1 |a Kováčová, Veronika 
700 1 |a Potisková, Ingrid 
710 2 |a Obchodná fakulta EU. Katedra informatiky obchodných firiem